| Tag |
First Indicator |
Second Indicator |
Subfields |
| LEADER |
00000cam a2200000 a 4500 |
| 001 |
in00000018142 |
| 005 |
20151007053149.0 |
| 008 |
870129s1987 paub b s00110 eng |
| 010 |
|
|
|a 86043029
|
| 020 |
|
|
|a 0271004967 :
|c $24.95
|
| 035 |
|
|
|a (OCoLC)15198471
|
| 035 |
|
|
|9 AAB0628AM
|
| 040 |
|
|
|a DLC
|c DLC
|d TXA
|d UtOrBLW
|
| 043 |
|
|
|a e-it---
|
| 049 |
|
|
|a TXAM
|c [A11465252]
|
| 050 |
0 |
0 |
|a DG601
|b .J64 1987
|
| 082 |
0 |
|
|a 914.5/04
|2 19
|
| 100 |
1 |
|
|a Johnston, William M.,
|d 1936-
|
| 245 |
1 |
0 |
|a In search of Italy :
|b foreign writers in northern Italy since 1800 /
|c William M. Johnston.
|
| 264 |
|
1 |
|a University Park :
|b Pennsylvania State University Press,
|c [1987]
|
| 264 |
|
4 |
|c ©1987
|
| 300 |
|
|
|a ix, 206 pages :
|b map ;
|c 24 cm.
|
| 336 |
|
|
|a text
|b txt
|2 rdacontent
|
| 337 |
|
|
|a unmediated
|b n
|2 rdamedia
|
| 338 |
|
|
|a volume
|b nc
|2 rdacarrier
|
| 504 |
|
|
|a "Bio-bibliography: pages [169]-193."
|
| 504 |
|
|
|a Bibliography: pages [155]-168.
|
| 500 |
|
|
|a Includes index.
|
| 651 |
|
0 |
|a Italy, Northern
|x Description and travel.
|
| 650 |
|
0 |
|a Travelers
|z Italy, Northern
|x History
|y 19th century.
|
| 650 |
|
0 |
|a Travelers
|z Italy, Northern
|x History
|y 20th century.
|
| 999 |
|
|
|a MARS
|
| 999 |
f |
f |
|s 04617c42-32c2-32df-8281-41747f6fbe60
|i 42599d5d-7d57-32e4-9eb6-43b321561281
|t 0
|
| 952 |
f |
f |
|p ric
|a Texas A&M University
|b Rellis Campus
|c Joint Library Facility
|d Remote Storage
|t 0
|e DG601 .J64 1987
|h Library of Congress classification
|i unmediated -- volume
|m A14811465252
|
| 998 |
f |
f |
|a DG601 .J64 1987
|t 0
|l Remote Storage
|